Najpopularniejsze numery rapowe/trapowe tygodnia.06-12.11 - Statystyki

Ogólne statystyki
  • Ten quiz został rozwiązany 17 razy
  • Średni wynik to 11 z 15
Statystyki odpowiedzi
Artysta Wyświetlenia Utwór % Poprawnych
Guzior feat. Oskar83 3.19M FALA
100%
ReTo 886K Billy Kid
88%
Wac Toja 1.29M Kapitan
88%
Wiatr feat. Be Vis,Sobel 1.60M Testarossa
88%
Żabson feat. Young Leosia,Beteo,Borucci 1.34M ULALA
88%
Sobel 836K Impreza
82%
Kabe 2.38M Nad ranem
82%
Alberto 1.03M Dwutakt
76%
Guzior 1.48M KUSHKOMA
71%
Pezet feat. Kayah 2.65M Nisko jest niebo
65%
Florek feat. Młodypago,Piluś 2.33M Buzi
53%
Szpaku 1.42M Ośmiogwiazdkowy S*urwiel
53%
Słoń 1.26M Wojna Totalna
47%
Sobel feat. Michał Szczygieł 910K Daj Mi Znać
41%
chillwagon 936K david hustlehoff
29%
Nie znaleziono quizów pasujących do podanych kryteriów
Rozkład punktacji
Procent ludzi z każdym wynikiem
Percentyl według liczby udzielonych odpowiedzi
Twoja historia wyników
Nie rozwiązałeś tego quizu